[Event "Let's Play Chess!"]
[Site "http://www.queenalice.com/game.php?id=402902"]
[Date "2008.5.14"]
[Round "-"]
[White "augusto_lira"]
[Black "guidzidlo"]
[Result "0-1"]
[WhiteElo "1500"]
[BlackElo "1665"]

1. d3 d5 2. d4 e6 3. e3 Nf6 4. Bd2 Nc6 5. Bb5 Bd7 6. Nc3 a6 7. Bd3 Bd6 8. Nf3
O-O 9. O-O b5 10. a4 b4 11. Ne2 a5 12. c3 bxc3 13. Nxc3 Qb8 14. b3 g6 15. Nb5
Be7 16. Ne5 Nb4 17. e4 Nxd3 18. Bh6 Bxb5 19. axb5 Nxe5 20. Bxf8 Bxf8 21. dxe5
Nxe4 22. f3 Nc3 23. Qd3 Nxb5 24. Ra4 c6 25. Qe2 Nc3 26. Qd3 Nxa4 27. bxa4 Qxe5
28. f4 Bc5+ 29. Kh1 Qf6 30. f5 exf5 31. g4 Qd4 32. Qxd4 Bxd4 33. gxf5 Rb8 34.
Rd1 Be5 35. Rd3 Rb1+ 36. Kg2 Rb2+ 37. Kf3 Rxh2 38. Kg4 h5+ 39. Kg5 Kg7 40. Re3
f6# 0-1

[Event "Challenge"]
[Site "http://www.queenalice.com/game.php?id=403945"]
[Date "2008.5.16"]
[Round "-"]
[White "braun_howard"]
[Black "augusto_lira"]
[Result "1/2-1/2"]
[WhiteElo "1454"]
[BlackElo "1474"]

1. e4 e5 2. Qh5 d6 3. Bc4 Nh6 4. d4 g6 5. Qf3 Be6 6. Bxe6 fxe6 7. dxe5 Bg7 8.
Nc3 Nc6 9. Bxh6 Nxe5 10. Qh3 Qd7 11. Bxg7 Qxg7 12. Qxe6+ Qe7 13. Qxe7+ Kxe7 14.
Nd5+ Kd8 15. f4 Nc4 16. Rb1 Re8 17. Nf6 Re6 18. b3 Na3 19. Rc1 Rxf6 20. Nh3 Re6
21. Ng5 Re7 22. O-O Nb5 23. Rce1 Nd4 24. e5 Nxc2 25. exd6 Rxe1 26. Rxe1 Nxe1 27.
dxc7+ Kxc7 28. Nxh7 Nd3 29. g3 Kb6 30. Nf6 Rc8 31. Nd5+ Kb5 32. a4+ Ka5 33. Ne7
Rc1+ 34. Kg2 Nc5 35. Nxg6 Nxb3 36. h4 Rc2+ 37. Kh3 Kxa4 38. h5 Nd4 39. g4 b5 40.
h6 Rc3+ 41. Kh4 Nf3+ 42. Kh5 Rc2 43. g5 Rh2+ 44. Kg4 b4 45. Kxf3 b3 46. Kg3 b2
47. Kxh2 b1=Q 48. h7 Qc2+ 49. Kg3 Qd3+ 50. Kg4 Qe2+ 51. Kf5 Qd3+ 52. Kg4 Qd1+
53. Kf5 Qd3+ 54. Kg4 Qxg6 55. h8=Q Qe6+ 56. f5 Qe4+ 57. Kg3 Qxf5 58. Qd4+ Kb5
59. Qxa7 Qxg5+ 60. Kf3 Qd5+ 61. Ke3 Qg5+ 62. Ke4 Qg2+ 63. Ke5 Qg5+ 64. Ke4 Qg6+
1/2-1/2

[Event "Who wants to play lightning ches"]
[Site "http://www.queenalice.com/game.php?id=421354"]
[Date "2008.6.22"]
[Round "-"]
[White "augusto_lira"]
[Black "davidg"]
[Result "0-1"]
[WhiteElo "1500"]
[BlackElo "1100"]

1. e3 d5 2. c4 c6 3. Nf3 Nd7 4. d3 e5 5. h4 f5 6. e4 fxe4 7. Bg5 Qb6 8. Be3 d4
9. Bxd4 exd4 10. Ng5 Bb4+ 11. Nd2 e3 12. fxe3 dxe3 13. Qf3 Bxd2+ 0-1

[Event "Let's Play Chess!"]
[Site "http://www.queenalice.com/game.php?id=421360"]
[Date "2008.6.22"]
[Round "-"]
[White "augusto_lira"]
[Black "Chesstiger"]
[Result "0-1"]
[WhiteElo "1483"]
[BlackElo "1728"]

1. e4 e5 2. Nf3 Nc6 3. d4 exd4 4. c3 dxc3 5. Nxc3 Bb4 6. Bd2 Nf6 7. Bc4 O-O 8.
a3 Bxc3 9. Bxc3 Nxe4 10. Nd4 Nxc3 11. bxc3 Nxd4 12. cxd4 Re8+ 13. Kf1 d5 14. Bd3
c6 15. Bc2 Qf6 16. Qd3 g6 17. Rd1 Bf5 18. Qd2 Bxc2 19. Qxc2 Re4 20. f3 Rxd4 21.
Qb3 Re8 22. Qxb7 Rxd1+ 23. Kf2 Qd4+ 24. Kg3 Rxh1 25. Qxc6 Qe5+ 26. f4 Qe3+ 27.
Kg4 f5+ 28. Kg5 h6+ 0-1

[Event "Challenge"]
[Site "http://www.queenalice.com/game.php?id=421361"]
[Date "2008.6.22"]
[Round "-"]
[White "augusto_lira"]
[Black "fiddilydee"]
[Result "1-0"]
[WhiteElo "1441"]
[BlackElo "1203"]

1. d3 e6 2. Nf3 c6 3. e4 Nf6 4. Bg5 Bb4+ 5. c3 Bc5 6. e5 h6 7. exf6 hxg5 8. fxg7
Rg8 9. Nxg5 Qxg5 10. d4 Bb6 11. h4 Qg4 12. Be2 Qxg2 13. Bf3 Qxg7 14. Nd2 Rh8 15.
Qe2 d6 16. O-O-O Rxh4 17. Rxh4 Qf6 18. Rdh1 1-0

[Event "AUTO-INT-990"]
[Site "http://www.queenalice.com/game.php?id=443194"]
[Date "2008.8.3"]
[Round "1"]
[White "augusto_lira"]
[Black "Sincerus_Serpens"]
[Result "0-1"]
[WhiteElo "1395"]
[BlackElo "1498"]

1. e4 e6 2. Nc3 d5 3. Nf3 Nf6 4. Bb5+ c6 5. Bd3 Nbd7 6. O-O dxe4 7. Bxe4 Nxe4 8.
Nxe4 Be7 9. d3 O-O 10. Bg5 Nf6 0-1

[Event "AUTO-INT-990"]
[Site "http://www.queenalice.com/game.php?id=443207"]
[Date "2008.8.3"]
[Round "1"]
[White "junior11"]
[Black "augusto_lira"]
[Result "1-0"]
[WhiteElo "1819"]
[BlackElo "1497"]

1. d4 d6 2. Nf3 e6 3. e4 Nc6 4. Bb5 Bd7 5. Nc3 f5 6. O-O a6 7. Bc4 Nf6 8. exf5
exf5 9. Ng5 d5 10. Nxd5 Nxd5 11. Bxd5 Qf6 12. Nf3 O-O-O 13. Bg5 Qg6 14. Bxd8
Nxd8 15. Ne5 Qd6 16. c4 c6 17. Bf3 Ne6 18. Nf7 Qc7 19. Nxh8 Be7 20. d5 Ng5 21.
Rc1 Qd8 22. dxc6 bxc6 23. Qa4 a5 24. Rfd1 h6 25. Bxc6 Qxh8 26. Bxd7+ Kb8 27.
Bxf5 Qf8 28. Qb5+ Ka7 29. Rd7+ Ka8 30. Qb7# 1-0

[Event "AUTO-INT-990"]
[Site "http://www.queenalice.com/game.php?id=443208"]
[Date "2008.8.3"]
[Round "1"]
[White "augusto_lira"]
[Black "junior11"]
[Result "0-1"]
[WhiteElo "1488"]
[BlackElo "1843"]

1. e3 d5 2. c4 e6 3. Nf3 Nf6 4. Nc3 Nc6 5. d3 Be7 6. Be2 O-O 7. O-O Nd7 8. d4
Nb6 9. cxd5 exd5 10. Bd2 Be6 11. Qb1 f5 12. g3 Nc4 13. h4 f4 14. exf4 Bg4 15.
Ng5 Bxg5 16. Bxg4 Nxd2 17. Qd3 Bf6 18. Qxd2 Nxd4 19. Ne4 dxe4 20. Rfc1 Nf3+ 21.
Bxf3 Qxd2 22. Bxe4 Bxb2 23. Rd1 Qe2 24. Bd5+ Kh8 25. Rab1 c6 26. Re1 Qb5 27. Bf3
Qa5 28. Kf1 Bc3 29. Red1 Rfd8 30. h5 Rxd1+ 31. Bxd1 Re8 32. Kg2 Re1 33. Rb3 Rxd1
0-1

[Event "AUTO-INT-990"]
[Site "http://www.queenalice.com/game.php?id=443215"]
[Date "2008.8.3"]
[Round "1"]
[White "tomas_lp_96"]
[Black "augusto_lira"]
[Result "1-0"]
[WhiteElo "1384"]
[BlackElo "1467"]

1. e3 d6 2. Bc4 Nh6 3. d3 Bd7 4. e4 b5 5. Bb3 f5 6. Qd2 Nc6 7. Qc3 e6 8. Be3 d5
9. exd5 Bb4 10. Qd2 Bxd2+ 11. Kxd2 exd5 12. Nf3 Qf6 13. a4 Qxb2 14. Nc3 O-O-O
15. Bf4 Nb4 16. Rab1 Qa3 17. h4 bxa4 18. Bxd5 Ng4 19. Rh3 Nxf2 20. Ne2 Nxd5 21.
Be5 Qc5 22. d4 Qa5+ 23. Kc1 a3 24. Ra1 Nxh3 25. Kb1 a2+ 26. Rxa2 Qb4+ 27. Rb2
Nc3+ 28. Nxc3 Qxc3 29. Rb3 Qa5 30. Bf4 Nxf4 31. Ng5 1-0

[Event "AUTO-INT-990"]
[Site "http://www.queenalice.com/game.php?id=443216"]
[Date "2008.8.3"]
[Round "1"]
[White "augusto_lira"]
[Black "tomas_lp_96"]
[Result "1-0"]
[WhiteElo "1470"]
[BlackElo "1260"]

1. e4 e6 2. Nc3 Bc5 3. d4 Bf8 4. Nf3 b6 5. Be2 g6 6. d5 exd5 7. Qxd5 c6 8. Qe5+
Ne7 9. Qxh8 Bb7 10. Qxh7 Na6 11. Ng5 c5 12. Qxf7# 1-0

[Event "Let's Play Chess!"]
[Site "http://www.queenalice.com/game.php?id=1141805"]
[Date "2013.1.18"]
[Round "-"]
[White "Ruusgugg"]
[Black "augusto_lira"]
[Result "0-1"]
[WhiteElo "1379"]
[BlackElo "1372"]

1. a4 e6 2. e4 Nc6 3. Nc3 d5 4. exd5 exd5 5. d4 Nf6 6. Bd3 Nxd4 7. Ra3 Bg4 8.
Nf3 Bxa3 9. bxa3 c6 10. h3 Bf5 11. Bf1 Nxc2+ 12. Ke2 Qe7+ 13. Kd2 Ne4+ 14. Ke2
Nxc3+ 15. Kd2 Nxd1 16. Bb2 Nxb2 17. Be2 Nc4+ 18. Kc3 Qxa3# 0-1

[Event "Challenge 1"]
[Site "http://www.queenalice.com/game.php?id=1146784"]
[Date "2013.1.30"]
[Round "-"]
[White "trimetria"]
[Black "augusto_lira"]
[Result "1-0"]
[WhiteElo "1964"]
[BlackElo "1391"]

1. d4 e6 2. c4 c5 3. Nc3 Nf6 4. e3 Nc6 5. Nf3 d5 6. Be2 cxd4 7. Nxd4 dxc4 8.
Bxc4 e5 9. Nxc6 Qxd1+ 10. Nxd1 bxc6 11. O-O Be7 12. f4 O-O 13. fxe5 Ne4 14. Nc3
Nxc3 15. bxc3 Be6 16. Bxe6 fxe6 17. Rxf8+ Rxf8 18. Rb1 Kf7 19. Rb7 Rd8 20. Ba3
Rd1+ 21. Kf2 Rd2+ 22. Kf3 1-0

[Event "Challenge 2"]
[Site "http://www.queenalice.com/game.php?id=1146785"]
[Date "2013.1.30"]
[Round "-"]
[White "augusto_lira"]
[Black "trimetria"]
[Result "0-1"]
[WhiteElo "1391"]
[BlackElo "1964"]

1. e4 c5 2. Nf3 b6 3. d4 e6 4. d5 d6 5. Nc3 Ne7 6. Bb5+ Nd7 7. dxe6 fxe6 8. Qxd6
Ng6 9. Qxe6+ Qe7 10. Qd5 Rb8 11. Bg5 Qf7 12. Qc6 Be7 13. O-O-O Bxg5+ 14. Nxg5
Qf4+ 15. Kb1 Qxg5 16. Qe6+ Qe7 17. Qc6 O-O 18. Qd5+ Kh8 19. Rhf1 Nf6 0-1